|
|
|
|
| LEADER |
01398nam a2200325 a 4500 |
| 001 |
4904732 |
| 008 |
090726s1995 nyu b 000 1 eng d |
| 010 |
|
|
|a 94004512
|
| 020 |
|
|
|a 0393965945 (pbk.)
|
| 040 |
|
|
|a DLC
|c DLC
|d DLC
|
| 082 |
0 |
0 |
|a 823/.5
|2 20
|
| 100 |
1 |
|
|a Fielding, Henry,
|d 1707-1754.
|
| 240 |
1 |
0 |
|a History of Tom Jones
|
| 245 |
1 |
0 |
|a Tom Jones :
|b the authoritative text, contemporary reactions, criticism /
|c edited by Sheridan Baker.
|
| 250 |
|
|
|a 2nd ed.
|
| 260 |
|
|
|a New York :
|b Norton,
|c c1995.
|
| 300 |
|
|
|a viii, 804 p. ;
|c 24 cm.
|
| 490 |
0 |
|
|a A Norton critical edition
|
| 504 |
|
|
|a Includes bibliographical references (p. 803-804).
|
| 541 |
1 |
|
|e 00010271
|
| 600 |
1 |
0 |
|a Fielding, Henry,
|d 1707-1754.
|t History of Tom Jones.
|
| 650 |
|
0 |
|a Identity (Psychology)
|v Fiction.
|
| 650 |
|
0 |
|a Foundlings
|v Fiction.
|
| 650 |
|
0 |
|a Young men
|v Fiction.
|
| 651 |
|
0 |
|a England
|v Fiction.
|
| 700 |
1 |
|
|a Baker, Sheridan Warner,
|d 1918-
|
| 852 |
4 |
|
|a Ayesha Abed Library
|j General Shelf.
|
| 999 |
|
|
|c 2953
|d 2953
|
| 952 |
|
|
|0 0
|1 0
|2 ddc
|4 1
|6 823_000000000000000__5_FIE
|7 0
|9 2669
|a BRACUL
|b BRACUL
|c SPS
|d 2009-08-18
|g 0.00
|l 0
|o 823.5 FIE
|p 3010010271
|r 2009-08-18
|t 1
|w 2009-08-18
|y BK
|x No price found in the accession register.
|
| 952 |
|
|
|0 0
|1 0
|2 ddc
|4 0
|6 823_500000000000000_FIE
|7 0
|9 14239
|a BRACUL
|b BRACUL
|c GEN
|d 2011-01-29
|l 0
|o 823.5 FIE
|p 3010012132
|r 2011-01-29
|t 2
|w 2011-01-29
|y BK
|x Price not available in Register
|